000 00604nam a2200181 i 4500
001 134513
003 ES-MaACL
005 20230906194705.0
007 t|
008 070911s1924 gw ||||1| eng d
100 1 _aWhitney, William Dwight.
_9116713
245 1 2 _aA Sanskrit Grammar, including both the classical language, and the older dialects, of Veda and Brahamana /
_cby William Dwight Whitney.
250 _a5ª ed.
260 _aLeipzig :
_bBreitkopf & Hèartel,
_c1924.
300 _aXXVI, 550 p. ;
_c24 cm.
650 0 4 _aLengua sánscrita-
_xGramática.
_914322
852 _aES-MaACL
_jA-570
999 _c134513
_d134513